000 01232npm a2200205 4500
003 OSt
005 20250714172949.0
008 250714b |||||||| |||| 00| 0 fre d
040 _cautismepaimpol.fr
100 _qColette Hennetier-Eude
245 _aLe bon sens des mots
246 _aDévelopper les compétences liées à la construction de phrases courtes
260 _bNATHAN
500 _aUn coffret éducatif conçu pour développer les compétences liées à la construction de phrases courtes : comprendre l’ordre des mots, utiliser une structure syntaxique simple, retrouver des mots connus dans une phrase écrite…
520 _aLa manipulation de cartes et de bandeaux phrases que l’on glisse dans un étui rend l’apprentissage ludique et amusant. Un outil efficace pour établir la relation entre le « dire » et le « lire ».
521 _aDès 4 ans.
562 _dContient - 16 cartes personnages, - 64 cartes « mots » - 16 cartes « verbes » - 64 cartes « scènes » - 32 bandes « phrases » - 4 étuis (dim. 36 x 9 cm).
856 _uhttps://materiel-educatif.nathan.fr/dme/complement/99452
_yCliquer sur ce lien pour voir une fiche d'activités
942 _cMATEDUC
999 _c209
_d209